1470 1205 1197 1311 1837 1375 1656 1640 1001 1961 1964 1754 1711 1663 1917 1237 1972 1728 1223 1894 1327 1479 1609 1525 1044 1206 1765 1973 1126 1608 1848 1430 1287 1989 1196 1570 1151 1508 1167 1371 1518 1220 1538 1757 1828 1707 1209 1495 1294 1005 1365 1014 1624 1276 1554 1002 1224 1354 1415 1427 1475 1918 1270 1180 1896 1053 1762 1777 1590 1176 1700 1215 1401 1687 1680 1059 1247 1840 1389 1080 1206 1545 1202 1353 1374 1937 1708 1999 1722 1926 1800 1557 1962 1564 1417 1636 1779 1592 1503 BCNSPRNW ULIB Ver.6.0+V

เปลี่ยนเป็นภาษาไทย

Change to English
 แสดงรายละเอียดบรรณานุกรม
  กลับหน้าหลัก

Brief Record : Get Marc (ISO 2709) : E-mail record : QR code < ปิดหน้าต่าง
LEADER : 00000nam 2200000uu 4500
001    13399120495
003     ULIB
008    120920s2546||||th 000 0 tha d
020    ^a9749507525
060 04 ^aWB310^bส255ศ 2546
245 00 ^aศาสตร์และศิลป์แห่งการดูแลผู้ป่วยเมื่อวาระสุดท้ายของชีวิต /^cบรรณาธิการ, สมบัติ ตรีประเสริฐสุข ; ผู้นิพนธ์, ปราโมทย์ สุคคนิชย์ ... [และคนอื่นๆ]
250    ^aพิมพ์ครั้งที่ 2
260    ^aกรุงเทพฯ :^bหมอชาวบ้าน,^c2546
300    ^a80 หน้า ;^c22 ซม.
650  7 ^aการดูแลขั้นวิกฤต
650  7 ^aผู้ป่วย, การจัดการดูแล
650  7 ^aผู้ป่วยหนัก, การดูแล
700 0  ^aปราโมทย์ สุคคนิชย์
700 0  ^aสมบัติ ตรีประเสริฐสุข,^eบรรณาธิการ
945    ^p100^l0^i13915
995    ^aกัณชพร
999 ^a ใช้งานได้ทุกระบบ
รายการนี้ยังไม่มีแท็ก
คุณยังไม่ได้ล็อกอิน คุณสามารถมีกิจกรรมร่วมกับเว็บไซต์ได้ แต่ต้องล็อกอินก่อน ::
  ล็อกอิน

รายการสื่อสารสนเทศ

ลำดับที่ ประเภท เลขเรียก/บาร์โค้ด สถานที่ สถานะ
1. วิทยาศาสตร์การแพทย์ และสุขภาพ
วิทยาศาสตร์การแพทย์ และสุขภาพ
WB310 ส255ศ 2546  
  Barcode: 13915
ห้องสมุดวิทยาเขตสวรรค์ประชารักษ์
►หนังสือทั่วไป
บนชั้น

รายการใกล้เคียง
    หัวเรื่อง [การดูแลขั้นวิกฤต]
    หัวเรื่อง [ผู้ป่วย, การจัดการดูแล]
    หัวเรื่อง [ผู้ป่วยหนัก, การดูแล]

BibComment


ยังไม่เคยถูกคอมเมนท์

คอมเมนท์ทรัพยากรรายการนี้
  คอมเมนท์: ศาสตร์และศิลป์แห..


 Copyright 2026. Bcnsprnw @Library